00651nam a2200205Ia 4500008004100000020001800041082001800059100002200077245002600099250000600125260002500131300001300156500002400169650001400193700001800207942000700225952009800232952009800330999001700428230525s9999 xx 000 0 und d a81-239-0657-9 a620.112 bBAS aB.S.Basavarajaiah 0aStrength of Materials a2 aNew DelhibCBSc2014 aVI,643P; aQuantity Number: 2 aMechanics aP.Mahadevappa cBK 00104070aTATCLbTATCLcGENd2023-05-25l0o620.112 BASp52921r2023-05-25w2023-05-25yBK 00104070aTATCLbTATCLcGENd2023-05-25l0o620.112 BASp52922r2023-05-25w2023-05-25yBK c61086d61086